National Assembly Library of Thailand

สาระสำคัญในการปรับปรุงพระราชบัญญัติระเบียบข้าราชการพลเรือน ฉบับใหม่ (ระเบียนเลขที่ 52898)

รายละเอียดในรูปแบบ MARC
000 -LEADER
fixed length control field 01184nam a22002537a 4500
005 - DATE AND TIME OF LATEST TRANSACTION
control field 20251125233024.0
008 - FIXED-LENGTH DATA ELEMENTS--GENERAL INFORMATION
fixed length control field s2550 th tha d
020 ## - INTERNATIONAL STANDARD BOOK NUMBER
International Standard Book Number 9789749946848
040 ## - CATALOGING SOURCE
Original cataloging agency NALT
041 ## - LANGUAGE CODE
Language code of text/sound track or separate title tha
090 ## - LOCALLY ASSIGNED LC-TYPE CALL NUMBER (OCLC); LOCAL CALL NUMBER (RLIN)
Classification number (OCLC) (R) ; Classification number, CALL (RLIN) (NR) KE62
Local cutter number (OCLC) ; Book number/undivided call number, CALL (RLIN) ส677 2550
100 0# - MAIN ENTRY--PERSONAL NAME
Personal name สำนักงานศาลปกครอง
245 10 - TITLE STATEMENT
Title สาระสำคัญในการปรับปรุงพระราชบัญญัติระเบียบข้าราชการพลเรือน ฉบับใหม่
260 3# - PUBLICATION, DISTRIBUTION, ETC.
Place of publication, distribution, etc. กรุงเทพฯ :
Name of publisher, distributor, etc. สำนักงาน ก.พ.,
Date of publication, distribution, etc. 2550
300 ## - PHYSICAL DESCRIPTION
Extent 11230 ซม.
650 04 - SUBJECT ADDED ENTRY--TOPICAL TERM
Topical term or geographic name entry element ระบบซี
650 04 - SUBJECT ADDED ENTRY--TOPICAL TERM
Topical term or geographic name entry element ระบบ ที.ซี.
650 04 - SUBJECT ADDED ENTRY--TOPICAL TERM
Topical term or geographic name entry element ร่างพระราชบัญญัติระเบียบข้าราชการพลเรือน
650 04 - SUBJECT ADDED ENTRY--TOPICAL TERM
Topical term or geographic name entry element ข้าราชการพลเรือน -- กฎหมายและระเบียบข้อบังคับ
850 ## - HOLDING INSTITUTION
Holding institution NALT
856 40 - ELECTRONIC LOCATION AND ACCESS
Uniform Resource Identifier <a href="https://hdl.handle.net/20.500.14156/460952">https://hdl.handle.net/20.500.14156/460952</a>
-- 1
942 ## - ADDED ENTRY ELEMENTS (KOHA)
Koha item type Law Book
Source of classification or shelving scheme Library of Congress Classification
998 ## - LOCAL CONTROL INFORMATION (RLIN)
-- 25
-- นีลวัสน์ อินทรักษา
รายการที่มีในห้องสมุด
Withdrawn status Lost status Damaged status Not for loan Collection code Home library Current library Source of acquisition Total Checkouts Full call number Barcode Date last seen Copy number Price effective from Koha item type Source of classification or shelving scheme Shelving location Date acquired
        Law Book collection National Assembly Library of Thailand National Assembly Library of Thailand บริจาค   KE 62 ส677 2550 3961168263 09/06/2017 ล. 1 09/06/2017 Law Book      
        Law Book collection National Assembly Library of Thailand National Assembly Library of Thailand บริจาค   KE 62 ส677 2550 3961168265 09/06/2017 ล. 3 09/06/2017 Law Book      
        Law Book collection National Assembly Library of Thailand National Assembly Library of Thailand บริจาค   KE 62 ส677 2550 3961168264 09/06/2017 ล. 2 09/06/2017 Law Book      
        Senate National Assembly Library of Thailand National Assembly Library of Thailand     KE 62 ส677 2550 0100004495001 28/04/2023   18/03/2023 Law Book Local Classification Law Book shelves 18/03/2023
หอสมุดรัฐสภา
สำนักงานเลขาธิการสภาผู้แทนราษฎร เลขที่ 1111 ถนนสามเสน แขวงถนนนครไชยศรี เขตดุสิต กรุงเทพฯ 10300
The Secretariat of the House of Representatives 1111 Samsen Road, Thanon Nakhon Chai Si, Dusit, Bangkok 10300, THAILAND
โทรศัพท์: +66(0) 2242 5900 ต่อ 5714-5 โทรสาร: +66(0) 2242 5990 อีเมล: [email protected]